000
00337nam a22001577a 4500
003
SGT
020
_a
978-81-239-2512-7
082
_a
612
_b
P15K
100
_a
KAPOOR,RAJ
245
_a
PHYSIOLOGY PRACTICAL MANUAL
250
_a
2ND
260
_a
NEW DELHI
_b
C.B.S PUB
_c
2015
300
_a
236
650
_a
PHARMACY
942
_2
ddc
_c
BK
_0
4
999
_c
11131
_d
11131